LEADER 01172nam a2200289 4500 001 000000348139 003 CaOOAMICUS 005 20220126102816.0 008 211013s1990 it 000 u ita r 020 $a88-384-7002-2 040 $aSeMil$bita 100 1 $aDe Petro, Antonio.$0(OLS)http://semarc/name/69784 245 10$aGiovanni /$cAntonio De Petro ; notizia di Luigi Testaferrata. 264 1$aReggio Emilia :$bCittà Armoniosa,$c1990. 300 $a188 p. ;$c22 cm 490 1 $aCittà armoniosa ;$v3 541 0 $aOmaggio card. Angelo Scola (1A III 203) 700 1 $aTestaferrata, Luigi,$d<1932->.$0(OLS)http://semarc/name/18239 830 0$aCittà armoniosa ;$v3.$0(OLS)http://semarc/title/36101 850 $aSeMil 852 $aSeMil$W1$xVenegono$y1$m1A III 203$j229652$B239178$CSeMilBibl$Z2$F239178 $81 941 1 $a6 961 $aOmaggio card. Angelo Scola. -- Timbro del card. Angelo Scola 996 $6020$a88-384-7002-2$9(OLS)http://semarc/number/294312 996 $6245$aGiovanni$9(OLS)http://semarc/title/168358 996 $6264$aReggio Emilia :$bCittà Armoniosa$9(OLS)http://semarc/publisher/31502 LEADER 01542nam a2200205 i 4500 001 000000221591 003 CaOOAMICUS 005 20130726000000.0 008 130726s1728 xx u000 u lat u 013 $a200488 026 $as-e. i.,& n-um liCl (3) 1728 (R) 040 $aSeMil$bita 245 10$aPars secunda, sive tomus secundus, ubi agitur lib. 1. De vocatione & ordinatione clericorum, de patronatu, de irregularitatibus & scholis; Lib. 2. De episcoporum electione, confirmatione, ordinatione, cessione, resignatione, translatione; Lib. 3. .. 300 $a[12], 915, [1] p. 500 $aSegn. :?6 A-5X4 5Y6. 500 $aMarca editoriale: Un sole e una stella che splendono. Motto: Venturo redde diem (Repertorio consultato: Delalain-Marques, BNF). 773 0 $tVetus et nova Ecclesiae disciplina circa beneficia et beneficiarios, distributa in tres partes, sive tomos, quae & ipsae in tres libros singulae distributae sunt ... Authore eodemque interprete Ludovico Thomassino oratorii Gallicani presbytero.$bEditio prima Italica variis animadversionibus locupletata.$dLucae : Sumptibus Leonardi Venturini, 1728.$g2$w()19774 850 $aSeMil 852 $aSeMil$W1$xVenegono$y1$m2H VI 42 FA$j171940$B171940$CSeMilBibl$Z2$F182452 $8I 996 $6245$aPars secunda, sive tomus secundus, ubi agitur lib. 1. De vocatione & ordinatione clericorum, de patronatu, de irregularitatibus & scholis; Lib. 2. De episcoporum electione, confirmatione, ordinatione, cessione, resignatione, translatione; Lib. 3. ..$9(OLS)http://semarc/title/317656